قصص الأنبياء للأبناء / (رقم التسجيلة. 31892)
[ عرض عادي ]
| 000 -LEADER | |
|---|---|
| fixed length control field | 00548nam a22001817a 4500 |
| 005 - DATE AND TIME OF LATEST TRANSACTION | |
| control field | 20251108165817.0 |
| 008 - FIXED-LENGTH DATA ELEMENTS--GENERAL INFORMATION | |
| fixed length control field | 250721s1991 xx 000 0 ara d |
| 082 14 - DEWEY DECIMAL CLASSIFICATION NUMBER | |
| Classification number | ط/214.2/سمي |
| 100 1# - MAIN ENTRY--PERSONAL NAME | |
| Personal name | الزين، سميح عاطف |
| 245 10 - TITLE STATEMENT | |
| Title | قصص الأنبياء للأبناء / |
| 264 1# - PRODUCTION, PUBLICATION, DISTRIBUTION, MANUFACTURE, AND COPYRIGHT NOTICE | |
| Place of production, publication, distribution, manufacture | بيروت : |
| Name of producer, publisher, distributor, manufacturer | دار الكتاب اللبناني، |
| Date of production, publication, distribution, manufacture, or copyright notice | 1991. |
| 300 ## - PHYSICAL DESCRIPTION | |
| Extent | 12ج |
| 650 17 - SUBJECT ADDED ENTRY--TOPICAL TERM | |
| Topical term or geographic name as entry element | أصول الدين الإسلامي |
| 650 17 - SUBJECT ADDED ENTRY--TOPICAL TERM | |
| Topical term or geographic name as entry element | النبوات |
| 700 1# - ADDED ENTRY--PERSONAL NAME | |
| Personal name | يوسف، عبد التواب |
| 942 ## - ADDED ENTRY ELEMENTS (KOHA) | |
| Source of classification or shelving scheme | Dewey Decimal Classification |
| Koha item type | كتب |
| حالة السحب | حالة الفقدان | مصدر التصنيف | حالة التلف | غير قابل للإعارة | المكتبة الرئيسية | المكتبة الحالية | موقع الرف | تاريخ التزويد | الرقم المتسلسل | Total Checkouts | رقم الإستدعاء | تاريخ آخر ظهور | تاريخ الفاتورة | نوع المادة (كوها) | الباركود |
|---|---|---|---|---|---|---|---|---|---|---|---|---|---|---|---|
| Dewey Decimal Classification | Unchecked | مكتبة صويلح العامة | مكتبة صويلح العامة | الأطفال | 06/07/2004 | 3356 | ط/214.2/سمي | 28/07/2025 | 06/07/2004 | كتب | |||||
| Dewey Decimal Classification | Unchecked | مكتبة صويلح العامة | مكتبة صويلح العامة | الأطفال | 06/07/2004 | 3357 | ط/214.2/سمي | 28/07/2025 | 06/07/2004 | كتب | |||||
| Dewey Decimal Classification | Unchecked | مكتبة صويلح العامة | مكتبة صويلح العامة | الأطفال | 06/07/2004 | 3358 | ط/214.2/سمي | 28/07/2025 | 06/07/2004 | كتب | |||||
| Dewey Decimal Classification | Unchecked | مكتبة صويلح العامة | مكتبة صويلح العامة | الأطفال | 06/07/2004 | 3359 | ط/214.2/سمي | 28/07/2025 | 06/07/2004 | كتب | |||||
| Dewey Decimal Classification | Unchecked | مكتبة صويلح العامة | مكتبة صويلح العامة | الأطفال | 06/07/2004 | 3360 | ط/214.2/سمي | 28/07/2025 | 06/07/2004 | كتب | |||||
| Dewey Decimal Classification | Unchecked | مكتبة صويلح العامة | مكتبة صويلح العامة | الأطفال | 06/07/2004 | 3361 | ط/214.2/سمي | 28/07/2025 | 06/07/2004 | كتب | |||||
| Dewey Decimal Classification | Unchecked | مكتبة صويلح العامة | مكتبة صويلح العامة | الأطفال | 06/07/2004 | 3362 | ط/214.2/سمي | 28/07/2025 | 06/07/2004 | كتب | |||||
| Dewey Decimal Classification | Unchecked | مكتبة صويلح العامة | مكتبة صويلح العامة | الأطفال | 06/07/2004 | 3363 | ط/214.2/سمي | 28/07/2025 | 06/07/2004 | كتب | |||||
| Dewey Decimal Classification | Unchecked | مكتبة صويلح العامة | مكتبة صويلح العامة | الأطفال | 06/07/2004 | 3364 | ط/214.2/سمي | 28/07/2025 | 06/07/2004 | كتب | |||||
| Dewey Decimal Classification | Unchecked | مكتبة صويلح العامة | مكتبة صويلح العامة | الأطفال | 06/07/2004 | 3365 | ط/214.2/سمي | 28/07/2025 | 06/07/2004 | كتب | |||||
| Dewey Decimal Classification | Unchecked | مكتبة صويلح العامة | مكتبة صويلح العامة | الأطفال | 06/07/2004 | 3366 | ط/214.2/سمي | 28/07/2025 | 06/07/2004 | كتب | |||||
| Dewey Decimal Classification | Unchecked | مكتبة صويلح العامة | مكتبة صويلح العامة | الأطفال | 06/07/2004 | 3367 | ط/214.2/سمي | 28/07/2025 | 06/07/2004 | كتب | |||||
| Dewey Decimal Classification | Unchecked | مكتبة صويلح العامة | مكتبة صويلح العامة | الأطفال | 06/07/2004 | 3368 | ط/214.2/سمي | 28/07/2025 | 06/07/2004 | كتب | |||||
| Dewey Decimal Classification | Unchecked | مكتبة صويلح العامة | مكتبة صويلح العامة | الأطفال | 06/07/2004 | 3369 | ط/214.2/سمي | 28/07/2025 | 06/07/2004 | كتب | |||||
| Dewey Decimal Classification | Unchecked | مكتبة صويلح العامة | مكتبة صويلح العامة | الأطفال | 06/07/2004 | 3370 | ط/214.2/سمي | 28/07/2025 | 06/07/2004 | كتب | |||||
| Dewey Decimal Classification | Unchecked | مكتبة صويلح العامة | مكتبة صويلح العامة | الأطفال | 06/07/2004 | 3371 | ط/214.2/سمي | 28/07/2025 | 06/07/2004 | كتب | |||||
| Dewey Decimal Classification | Unchecked | مكتبة صويلح العامة | مكتبة صويلح العامة | الأطفال | 06/07/2004 | 3372 | ط/214.2/سمي | 28/07/2025 | 06/07/2004 | كتب | |||||
| Dewey Decimal Classification | Unchecked | مكتبة صويلح العامة | مكتبة صويلح العامة | الأطفال | 06/07/2004 | 3373 | ط/214.2/سمي | 28/07/2025 | 06/07/2004 | كتب | |||||
| Dewey Decimal Classification | Unchecked | مكتبة صويلح العامة | مكتبة صويلح العامة | الأطفال | 06/07/2004 | 3374 | ط/214.2/سمي | 28/07/2025 | 06/07/2004 | كتب | |||||
| Dewey Decimal Classification | Unchecked | مكتبة صويلح العامة | مكتبة صويلح العامة | الأطفال | 06/07/2004 | 3375 | ط/214.2/سمي | 28/07/2025 | 06/07/2004 | كتب | |||||
| Dewey Decimal Classification | Unchecked | مكتبة صويلح العامة | مكتبة صويلح العامة | الأطفال | 06/07/2004 | 3376 | ط/214.2/سمي | 28/07/2025 | 06/07/2004 | كتب | |||||
| Dewey Decimal Classification | Unchecked | مكتبة صويلح العامة | مكتبة صويلح العامة | الأطفال | 06/07/2004 | 3377 | ط/214.2/سمي | 28/07/2025 | 06/07/2004 | كتب | |||||
| Dewey Decimal Classification | Unchecked | مكتبة صويلح العامة | مكتبة صويلح العامة | الأطفال | 06/07/2004 | 3378 | ط/214.2/سمي | 28/07/2025 | 06/07/2004 | كتب | |||||
| Dewey Decimal Classification | Unchecked | مكتبة صويلح العامة | مكتبة صويلح العامة | الأطفال | 06/07/2004 | 3379 | ط/214.2/سمي | 28/07/2025 | 06/07/2004 | كتب | |||||
| Dewey Decimal Classification | Unchecked | مكتبة صويلح العامة | مكتبة صويلح العامة | الأطفال | 06/07/2004 | 3381 | ط/214.2/سمي | 28/07/2025 | 06/07/2004 | كتب | |||||
| Dewey Decimal Classification | Unchecked | مكتبة صويلح العامة | مكتبة صويلح العامة | الأطفال | 06/07/2004 | 3382 | ط/214.2/سمي | 28/07/2025 | 06/07/2004 | كتب | |||||
| Dewey Decimal Classification | مكتبة صويلح العامة | مكتبة صويلح العامة | الأطفال | 24/07/2019 | 03380 | ط/214.2/سمي | 28/07/2025 | 24/07/2019 | كتب | PLD00459130 | |||||
| Dewey Decimal Classification | مكتبة صويلح العامة | مكتبة صويلح العامة | الأطفال | 24/07/2019 | 0003441 | ط/214.2/سمي | 28/07/2025 | 24/07/2019 | كتب | PLD00459279 | |||||
| Dewey Decimal Classification | مكتبة صويلح العامة | مكتبة صويلح العامة | الأطفال | 24/07/2019 | 000003442 | ط/214.2/سمي | 28/07/2025 | 24/07/2019 | كتب | PLD00459280 | |||||
| Dewey Decimal Classification | مكتبة صويلح العامة | مكتبة صويلح العامة | الأطفال | 24/07/2019 | 00003443 | ط/214.2/سمي | 28/07/2025 | 24/07/2019 | كتب | PLD00459281 | |||||
| Dewey Decimal Classification | مكتبة صويلح العامة | مكتبة صويلح العامة | الأطفال | 24/07/2019 | 0003444 | ط/214.2/سمي | 28/07/2025 | 24/07/2019 | كتب | PLD00459282 | |||||
| Dewey Decimal Classification | مكتبة صويلح العامة | مكتبة صويلح العامة | الأطفال | 24/07/2019 | 0003445 | ط/214.2/سمي | 28/07/2025 | 24/07/2019 | كتب | PLD00459283 | |||||
| Dewey Decimal Classification | مكتبة صويلح العامة | مكتبة صويلح العامة | الأطفال | 24/07/2019 | 0003446 | ط/214.2/سمي | 28/07/2025 | 24/07/2019 | كتب | PLD00459284 | |||||
| Dewey Decimal Classification | مكتبة صويلح العامة | مكتبة صويلح العامة | الأطفال | 24/07/2019 | 00003447 | ط/214.2/سمي | 28/07/2025 | 24/07/2019 | كتب | PLD00459286 | |||||
| Dewey Decimal Classification | مكتبة صويلح العامة | مكتبة صويلح العامة | الأطفال | 24/07/2019 | 0003448 | ط/214.2/سمي | 28/07/2025 | 24/07/2019 | كتب | PLD00459287 | |||||
| Dewey Decimal Classification | مكتبة صويلح العامة | مكتبة صويلح العامة | الأطفال | 24/07/2019 | 0003449 | ط/214.2/سمي | 28/07/2025 | 24/07/2019 | كتب | PLD00459288 | |||||
| Dewey Decimal Classification | مكتبة صويلح العامة | مكتبة صويلح العامة | الأطفال | 24/07/2019 | 0003450 | ط/214.2/سمي | 28/07/2025 | 24/07/2019 | كتب | PLD00459289 | |||||
| Dewey Decimal Classification | مكتبة صويلح العامة | مكتبة صويلح العامة | الأطفال | 24/07/2019 | 00003451 | ط/214.2/سمي | 28/07/2025 | 24/07/2019 | كتب | PLD00459290 | |||||
| Dewey Decimal Classification | مكتبة صويلح العامة | مكتبة صويلح العامة | الأطفال | 24/07/2019 | 00003452 | ط/214.2/سمي | 28/07/2025 | 24/07/2019 | كتب | PLD00459291 | |||||
| Dewey Decimal Classification | مكتبة صويلح العامة | مكتبة صويلح العامة | الأطفال | 24/07/2019 | 002382 | ط/214.2/سمي | 28/07/2025 | 24/07/2019 | كتب | PLD00459306 |